000 nam a22 a 4500
999 _c1893
_d1893
003 AKMAL
005 20170512114422.0
008 170503s1990 my 00 eng d
020 _a9679783219
020 _a9679783189 (pbk)
040 _aAKMAL
082 0 4 _a347.595014 WIL
090 0 0 _a347.595014
_bWIL
100 1 _aWilliams, Peter Alderidge
_93933
245 1 _aJudicial misconduct /
_cPeter Alderidge Williams
260 _aPetaling Jaya :
_bPelanduk Publications,
_c1990
300 _a272p. ;
_c22cm
650 _aJudicial ethics
_zMalaysia
_93784
650 _aDisqualification of judges
_zMalaysia
_93782
650 _aPolitical questions and judicial power
_93934
942 _2ddc
_cBOOK